2005-06 Starting Line-Ups for every NBA Team - Statistics

General Stats
  • This quiz has been taken 73 times
  • The average score is 74 of 150
Answer Stats
Team Position Player % Correct
New Jersey Nets PG Jason Kidd
94%
New Jersey Nets SG Vince Carter
92%
Los Angeles Lakers SG Kobe Bryant
90%
Detroit Pistons C Ben Wallace
88%
Charlotte Bobcats SF Gerald Wallace
88%
Cleveland Cavaliers SF LeBron James
88%
Detroit Pistons PF Rasheed Wallace
88%
Toronto Raptors PG Mike James
85%
Los Angeles Lakers PG Smush Parker
85%
San Antonio Spurs PG Tony Parker
85%
Philadelphia 76ers PG Allen Iverson
83%
Utah Jazz PG Deron Williams
83%
Miami Heat SG Dwyane Wade
83%
Miami Heat PG Jason Williams
83%
Dallas Mavericks PF Dirk Nowitzki
81%
Indiana Pacers PF Jermaine O'Neal
81%
Minnesota Timberwolves PF Kevin Garnett
81%
Boston Celtics SF Paul Pierce
81%
Seattle SuperSonics SG Ray Allen
81%
Miami Heat C Shaquille O'Neal
81%
San Antonio Spurs PF Tim Duncan
81%
Indiana Pacers PG Anthony Johnson
79%
Detroit Pistons PG Chauncey Billups
79%
Atlanta Hawks SG Joe Johnson
79%
Phoenix Suns PG Steve Nash
79%
Houston Rockets SF Tracy McGrady
79%
Atlanta Hawks SF Josh Smith
77%
New Jersey Nets SF Richard Jefferson
77%
New York Knicks PF Antonio Davis
75%
Golden State Warriors PG Baron Davis
75%
Memphis Grizzlies PF Pau Gasol
75%
Indiana Pacers SG Peja Stojakovic
75%
Boston Celtics SG Ricky Davis
75%
Indiana Pacers SF Stephen Jackson
75%
Houston Rockets C Yao Ming
75%
Toronto Raptors PF Chris Bosh
73%
New Orleans Hornets PG Chris Paul
73%
Denver Nuggets SF Kenyon Martin
73%
San Antonio Spurs SG Manu Ginobili
73%
Detroit Pistons SG Richard Hamilton
73%
Denver Nuggets PG Andre Miller
71%
Sacramento Kings C Brad Miller
71%
Orlando Magic C Dwight Howard
71%
Washington Wizards PG Gilbert Arenas
71%
Dallas Mavericks SF Josh Howard
71%
Houston Rockets PF Juwan Howard
71%
Sacramento Kings SG Kevin Martin
71%
Seattle SuperSonics SF Rashard Lewis
71%
Detroit Pistons SF Tayshaun Prince
71%
Memphis Grizzlies SG Eddie Jones
69%
Charlotte Bobcats PF Jumaine Jones
69%
Denver Nuggets SG Carmelo Anthony
67%
Philadelphia 76ers PF Chris Webber
67%
Sacramento Kings PG Mike Bibby
65%
Sacramento Kings SF Ron Artest
65%
Cleveland Cavaliers C Zydrunas Ilgauskas
65%
Los Angeles Clippers PF Elton Brand
63%
Milwaukee Bucks SG Michael Redd
63%
San Antonio Spurs SF Bruce Bowen
60%
Golden State Warriors SG Jason Richardson
60%
Los Angeles Lakers PF Kwame Brown
60%
New Orleans Hornets PF P.J. Brown
60%
New York Knicks SG Quentin Richardson
60%
Phoenix Suns SF Shawn Marion
60%
Miami Heat PF Udonis Haslem
60%
New Orleans Hornets C David West
56%
Boston Celtics PG Delonte West
56%
Toronto Raptors SG Jalen Rose
56%
Chicago Bulls PG Kirk Hinrich
56%
New York Knicks SF Malik Rose
56%
Chicago Bulls C Tyson Chandler
56%
Utah Jazz SF Andrei Kirilenko
54%
Washington Wizards SF Antawn Jamison
54%
Denver Nuggets C Marcus Camby
54%
Portland Trail Blazers PF Zach Randolph
54%
Philadelphia 76ers SF Andre Iguodala
52%
Chicago Bulls SG Ben Gordon
52%
Sacramento Kings PF Kenny Thomas
52%
Phoenix Suns C Kurt Thomas
52%
Los Angeles Lakers SF Lamar Odom
52%
Washington Wizards SG Caron Butler
50%
Dallas Mavericks PG Jason Terry
50%
Los Angeles Clippers PG Sam Cassell
50%
Orlando Magic PG Steve Francis
48%
Orlando Magic PF Tony Battie
48%
Los Angeles Clippers C Chris Kaman
46%
Boston Celtics PF Kendrick Perkins
46%
New York Knicks PG Stephon Marbury
46%
New York Knicks C Eddy Curry
44%
Philadelphia 76ers SG Kyle Korver
44%
Utah Jazz PF Mehmed Okur
44%
Phoenix Suns PF Boris Diaw
42%
Cleveland Cavaliers PG Eric Snow
42%
Cleveland Cavaliers SG Larry Hughes
42%
Orlando Magic SF Hedo Turkoglu
40%
Chicago Bulls SF Luol Deng
40%
Charlotte Bobcats PG Raymond Felton
38%
Philadelphia 76ers C Samuel Dalembert
38%
Memphis Grizzlies SF Shane Battier
38%
Milwaukee Bucks C Andrew Bogut
35%
Houston Rockets PG Rafer Alston
33%
Washington Wizards C Brendan Haywood
31%
Minnesota Timberwolves SF Wally Szczerbiak
31%
Atlanta Hawks PF Al Harrington
27%
Orlando Magic SG DeShawn Stevenson
27%
Cleveland Cavaliers PF Drew Gooden
27%
Utah Jazz C Jarron Collins
27%
New Jersey Nets PF Jason Collins
27%
Phoenix Suns SG Raja Bell
27%
Milwaukee Bucks PG T.J. Ford
27%
Los Angeles Clippers SG Cuttino Mobley
25%
New Orleans Hornets SF Desmond Mason
25%
Seattle SuperSonics PG Luke Ridnour
25%
San Antonio Spurs C Rasho Nesterovic
25%
Los Angeles Lakers C Chris Mihm
23%
Dallas Mavericks C DeSagana Diop
23%
Golden State Warriors SF Mike Dunleavy
23%
Toronto Raptors SF Morris Peterson
23%
Seattle SuperSonics PF Nick Collison
23%
Houston Rockets SG David Wesley
21%
Indiana Pacers C Jeff Foster
21%
Memphis Grizzlies C Lorenzen Wright
21%
New Jersey Nets C Nenad Krstic
19%
Chicago Bulls PF Andres Nocioni
17%
Charlotte Bobcats SG Brevin Knight
17%
Toronto Raptors C Charlie Villanueva
17%
Miami Heat SF James Posey
17%
Golden State Warriors PF Troy Murphy
17%
Golden State Warriors C Adonal Foyle
15%
Milwaukee Bucks SF Bobby Simmons
15%
Milwaukee Bucks PF Jamaal Magloire
15%
Boston Celtics C Raef LaFrentz
15%
Portland Trail Blazers PG Steve Blake
15%
Dallas Mavericks SG Adrian Griffin
13%
Washington Wizards PF Jared Jeffries
13%
Minnesota Timberwolves SG Trenton Hassell
10%
Atlanta Hawks C Zaza Pachulia
10%
Memphis Grizzlies PG Chucky Atkins
8%
Utah Jazz SG Gordan Giricek
8%
Portland Trail Blazers C Joel Przybilla
8%
Seattle SuperSonics C Johan Petro
8%
Portland Trail Blazers SG Juan Dixon
8%
Minnesota Timberwolves PG Marko Jaric
8%
Denver Nuggets PF Francisco Elson
6%
Charlotte Bobcats C Primoz Brezec
6%
Portland Trail Blazers SF Viktor Khryapa
6%
Minnesota Timberwolves C Mark Blount
4%
Los Angeles Clippers SF Quinton Ross
4%
New Orleans Hornets SG Kirk Snyder
0%
Atlanta Hawks PG Royal Ivey
0%
No matching quizzes found
Score Distribution
Percent of People with Each Score
Percentile by Number Answered
Your Score History
You have not taken this quiz